000 00327pam a2200157a 44500
008 230515b2011 xxu||||| |||| 00| 0 eng d
020 _aNULL
041 _aENGLISH
082 _aND
100 _aMARK
245 _aTRUMATIC BRAIN INJURY
250 _a1
260 _a
_bC B S PUB
_c2011
300 _a1044
650 _aNULL
999 _c562193
_d562193